[Event "AUTO-MASTER-827"]
[Site "http://www.queenalice.com/game.php?id=602622"]
[Date "2009.6.13"]
[Round "1"]
[White "Chess_Divine"]
[Black "arsen387"]
[Result "0-1"]
[WhiteElo "1728"]
[BlackElo "2126"]

1. d4 Nf6 2. c4 g6 3. Nc3 Bg7 4. Nf3 O-O 5. e4 d6 6. Bd3 e5 7. Be3 Nbd7 8. O-O
Ng4 9. Re1 exd4 10. Nxd4 Qh4 11. Nf3 Nxe3 12. Rxe3 Qh6 13. h3 Ne5 14. Nxe5 Bxe5
15. Nd5 c6 16. Ne7+ Kh8 17. Rc1 Bf4 18. e5 Bxe3 19. fxe3 Qxe3+ 0-1

[Event "AUTO-MASTER-827"]
[Site "http://www.queenalice.com/game.php?id=602623"]
[Date "2009.6.13"]
[Round "1"]
[White "arsen387"]
[Black "Chess_Divine"]
[Result "1-0"]
[WhiteElo "2127"]
[BlackElo "1728"]

1. e4 c5 2. Nf3 d6 3. d4 cxd4 4. Nxd4 Nf6 5. Nc3 a6 6. Bg5 e5 7. Nf5 Bxf5 8.
exf5 Be7 9. Bxf6 Bxf6 10. Bc4 Qd7 11. Nd5 Be7 12. Qg4 O-O 13. Nb6 Qc6 14. Nxa8
b5 15. Bb3 Qxa8 16. O-O-O Nc6 17. Rd3 Nb4 18. Rg3 Bf6 19. Qxb4 1-0

[Event "AUTO-MASTER-827"]
[Site "http://www.queenalice.com/game.php?id=602624"]
[Date "2009.6.13"]
[Round "1"]
[White "Chess_Divine"]
[Black "mulher_aranha"]
[Result "0-1"]
[WhiteElo "1728"]
[BlackElo "2140"]

1. d4 Nc6 2. Nf3 d5 3. c4 e6 4. Nc3 Nf6 5. Bg5 Be7 6. e3 h6 7. Bh4 O-O 8. b3 Bb4
9. Qc2 g5 10. Bg3 Ne4 11. O-O-O Ba3+ 12. Kb1 Nb4 13. Qxe4 dxe4 14. Nxe4 a5 15.
Be5 f6 16. Nxf6+ Rxf6 17. Bd3 g4 18. Nh4 Rxf2 19. Rhf1 Qxh4 20. Bg3 Rb2+ 0-1

[Event "AUTO-MASTER-827"]
[Site "http://www.queenalice.com/game.php?id=602625"]
[Date "2009.6.13"]
[Round "1"]
[White "mulher_aranha"]
[Black "Chess_Divine"]
[Result "1-0"]
[WhiteElo "2139"]
[BlackElo "1728"]

1. e4 c5 2. d4 cxd4 3. Qxd4 Nc6 4. Qc4 Nf6 5. Nc3 e6 6. Bg5 Be7 7. O-O-O O-O 8.
f4 Ng4 9. Bxe7 Qxe7 10. Qe2 Nf6 11. e5 Nd5 12. Nxd5 exd5 13. Rxd5 Nb4 14. Ra5 b6
15. Ra4 a5 16. a3 Nc6 17. Qe4 b5 18. Bxb5 Bb7 19. Nf3 Rab8 20. Qd3 Qc5 21. Ng5
f5 22. Bc4+ Kh8 23. Nf7+ Rxf7 24. Bxf7 1-0

[Event "AUTO-MASTER-827"]
[Site "http://www.queenalice.com/game.php?id=602626"]
[Date "2009.6.13"]
[Round "1"]
[White "Chess_Divine"]
[Black "avieytoa"]
[Result "0-1"]
[WhiteElo "1738"]
[BlackElo "1954"]

1. d4 d5 2. c4 dxc4 3. Nc3 Nc6 4. e3 Nf6 5. Nf3 h6 6. Bxc4 Bf5 7. O-O e6 8. Re1
Bb4 9. Bd2 O-O 10. e4 Bg6 11. d5 Na5 12. dxe6 Nxc4 13. exf7+ Bxf7 14. Qc2 Nxd2
15. Nxd2 Ng4 16. Nf3 Bc5 17. Rf1 Qe8 18. Rae1 Ne5 19. Nxe5 Qxe5 20. Nd5 b6 21.
b4 Bd6 22. f4 Qd4+ 23. Ne3 Bxb4 24. Qxc7 Bxe1 25. Rxe1 Rae8 0-1

[Event "AUTO-MASTER-827"]
[Site "http://www.queenalice.com/game.php?id=602627"]
[Date "2009.6.13"]
[Round "1"]
[White "avieytoa"]
[Black "Chess_Divine"]
[Result "1-0"]
[WhiteElo "1946"]
[BlackElo "1751"]

1. e4 c5 2. Bc4 d6 3. Nf3 Nf6 4. Ng5 e6 5. O-O Be7 6. d3 d5 7. Bb5+ Bd7 8. Bxd7+
Nbxd7 9. Re1 Qb6 10. Qf3 Ne5 11. Qh3 c4 12. exd5 Neg4 13. Qf3 Bd6 14. dxe6 fxe6
15. Rxe6+ Kd7 16. Bf4 Qxf2+ 17. Qxf2 Nxf2 18. Rxd6+ Ke7 19. Kxf2 Ng4+ 20. Kg3
Nf6 21. Re6+ Kd7 22. d4 1-0

[Event "marina x chess_divine"]
[Site "http://www.queenalice.com/game.php?id=603990"]
[Date "2009.6.15"]
[Round "-"]
[White "marinachess"]
[Black "Chess_Divine"]
[Result "1-0"]
[WhiteElo "2047"]
[BlackElo "1929"]

1. e4 c5 2. Nf3 d6 3. Bc4 Nf6 4. d3 e6 5. Be3 Be7 6. h3 a6 7. a4 Bd7 8. Nbd2 Nc6
9. c3 O-O 10. Nh2 d5 11. exd5 exd5 12. Bb3 Bd6 13. O-O Qc7 14. Bg5 Bxh2+ 15. Kh1
Be5 16. f4 h6 17. fxe5 Nh7 18. Be3 Nxe5 19. Bf4 g5 20. Bh2 d4 21. Nc4 Rae8 22.
Qh5 Kg7 23. Nxe5 Rxe5 24. Rxf7+ Kh8 25. Rxf8+ Nxf8 26. Bxe5+ Qxe5 27. Qxh6+ Nh7
28. Rf1 Qe7 29. Qg6 Nf6 30. Qxf6+ Qxf6 31. Rxf6 Be8 32. Rf8+ 1-0